000 01713cam a2200457 4500
003 PE-LiUPU
005 20250731173424.0
020 _a0825411440
035 _a(Sirsi) i9780825411441
035 _a(Sirsi) 47887
035 _a(Sirsi) 47887
041 _aes
044 _aus
082 0 4 _a261.27
_bF41
100 1 _aFethi Caner, Emir
245 _aMás que un profet :
_brespuestas a ciento cincuenta preguntas acerca de la fe musulmana y cristiana /
_cEmir Fethi Caner y Ergun Mehmet Caner.
264 1 _aGrand Rapids :
_bPortavoz,
_c2006
300 _a272 páginas ;
_c21cm.
505 0 _aPreguntas respecto del nombre y la naturaliza de Dios -- Preguntas respecto de la naturaleza de Jesucristo (Isu) -- Preguntas respecto del Antiguo Testamento -- Preguntas respecto del Nuevo Testamento -- Preguntas respecto de la expiación y la
526 _aSEG42
526 _aSEG41
526 _aSEG40
526 _aSEG39
526 _aP94
526 _aP87
526 _aP86
526 _aP85
526 _aP77
526 _aP76
526 _aP35
600 0 _aJesucristo
_xInterpretaciones islámicas
650 1 4 _aIslam
_vLiteratura controversial
650 1 4 _aCristianismo e islamismo
942 _2ddc
_cBOOK
949 _a261.27 F41
_i65700
_lCCODEBUL1
_mBUL
_tLIBRO
_o.STAFF. Colección General
859 _q65700
_h261.27
_iF41
910 _agl
_bjv
_cng
_d20121024
596 _a1
999 _a261.27 F41
_wDEWEY
_c54133
_i65700
_f2021-11-10
_g5
_lCCODEBUL1
_mBUL
_p35.00
_r0
_sY
_tBOOK
_u2015-7-6
_xTEOLOGIA
_PP35
_0COMPRA
_o.STAFF. Colección General
_d54133
980 _81
_gALBERTO SANCHEZ Responsable de Automatización